| 000 | 00791nam a2200253Ia 4500 | ||
|---|---|---|---|
| 003 | OSt | ||
| 005 | 20220926022422.0 | ||
| 006 | a|||||r|||| 00| 0 | ||
| 007 | ta | ||
| 008 | 220923b |||||||| |||| 00| 0 eng d | ||
| 037 | _cGeneral Book | ||
| 040 |
_aRTL _cRTL _beng |
||
| 041 |
_2eng _aeng |
||
| 082 | _aX9(D3).1.N6g, K4/UN | ||
| 110 | _aUnited Nations, Economic and Social Affairs (Department of....) | ||
| 245 | 0 | _aManual on self help housing | |
| 260 |
_aNew York _bUnited Nations U. S. A. _c1964 |
||
| 300 |
_axi, 114p. _ccm. |
||
| 500 | _aBibliography p.114 | ||
| 650 |
_aHousing Industry _9231829 |
||
| 700 | _aUnited Nations, Economic and Social Affairs (Department of....) | ||
| 942 |
_hX9(D3).1.N6g, K4/UN _cGB _2CC |
||
| 999 |
_c639422 _d639422 |
||